000 00672nam a22002177a 4500
003 OSt
005 20251124093929.0
008 251124b |||||||| |||| 00| 0 eng d
020 _a 9781630571306
040 _aDWCL-Main lib
_cOC
082 _aRes. 620.004 S555a 2017
100 _aShih, Randy H.
245 _aAutoCAD 2018 tutorial second level 3D modeling/
_cRandy H. Shih
260 _a Mission , KC:
_bSDC publication,
_cc2017.
300 _ax, various pages :
_billustrations ;
_c28cm.
504 _aIncludes index
650 _a1. AutoCAD
650 _a2. Computer aided design
650 _a3.Computer graphics
942 _2ddc
_cBK-0 CIRC
_kRes.
_n0
999 _c6042
_d6042